000 00762 a2200241 4500
010 _aENG-88614
020 _a9788120333048
_c425.00
035 _aEN-72147
037 _bDBAD / PUB
082 0 0 _a659.1
090 _c9000
_d9000
100 1 _aWells, William
245 1 0 _aAdvertising:
_bprinciples & practice /
_cby William Wells, Sandra Moriarty [and] John Burnett
250 _a7th ed
260 _aNew Delhi
_bPrentice-Hall of India
_c2007
300 _axxx, 592 p. :
_bill.
_c27 cm (Pbk)
500 _aIncludes index.
700 1 _aMoriarty, Sandra
700 1 _aMoriarty, Sandra
700 1 _aBurnett, John
942 _adpl
_cEN
_k659.1 / WEL
999 _c8838
_d8838